| 000 | 01272cab a2200313 4500 | ||
|---|---|---|---|
| 001 | ABS46266 | ||
| 008 | 090401t1992 xxu||||| |||| 00| 0 eng d | ||
| 035 | _a(Sirsi) u57463 | ||
| 041 | _aeng | ||
| 100 | _aGarstang, M.J. | ||
| 245 | 4 | _aThe effect of changes in health and safety legislation on property developers, owners and managers | |
| 260 | _c1992 | ||
| 350 | _a0 | ||
| 490 |
_aProperty Journal _v17(2) April 1992, 16-17(2) |
||
| 520 | _aA reminder of the need to keep abreast of health and safety legislation. Apart from mentioning UK regulations such as COSHH, the Control of Legionnaires Disease Code of Practice and the Health and Safety ...Act 1974, it also refers to EC legislation, such as the proposed Temporary and Mobile Works Sites Directive and the Framework Directive. | ||
| 650 | _aBUILDING SITES | ||
| 650 | _aDEVELOPERS | ||
| 650 | _aEC DIRECTIVES | ||
| 650 | _aFRAMEWORK DIRECTIVE | ||
| 650 |
_aHEALTH AND SAFETY _96244 |
||
| 650 | _aLANDLORDS | ||
| 650 |
_aProperty management _96262 |
||
| 650 | _aTEMPORARY AND MOBILE WORK SITES DIRECTIVE | ||
| 690 | _aBUILT ENVIRONMENT-BUILDING STANDARDS | ||
| 690 | _aCOMMERCIAL PROPERTY-MANAGEMENT | ||
| 690 | _aOFFICE SERVICES AND ADMINISTRATION | ||
| 942 | _n0 | ||
| 948 | _c04/03/1997 | ||
| 999 |
_c35044 _d35044 |
||